Analýza stavu nelékařských zdravotnických povolání v ČR : (hodnocení a doporučení pracovní komise MZ ČR k transformaci NLZP v ČR) /

Main Author: Šamaj, Martin, 1979-
Other Authors: Mikšová, Zdeňka, 1959-
Language: Czech
Published: Olomouc : Univerzita Palackého v Olomouci, 2013
Edition: 1. vyd.
Subjects:
Physical Description: 102 s. : barev. il. ; 21 cm
Book
Saved in:
LEADER 01914nam a2200517 a 4500
001 nkc20132528679
003 CZ PrNK
005 20140122070026.0
007 ta
008 131204s2013 xr a f 000 0 cze
015 |a cnb002528679 
020 |a 978-80-244-3860-3  |q (brož.) :  |c neprodejné 
035 |a (OCoLC)867822711 
040 |a BOA001  |b cze 
043 |a e-xr--- 
072 7 |a 614  |x Veřejné zdraví a hygiena  |2 Konspekt  |9 14 
080 |a 614.2  |2 MRF 
080 |a 351.77  |2 MRF 
080 |a 614:331.542  |2 MRF 
080 |a 331.546:35.078.11  |2 MRF 
080 |a 377  |2 MRF 
080 |a (437.3)  |2 MRF 
080 |a (048.8)  |2 MRF 
100 1 |a Šamaj, Martin,  |d 1979-  |7 xx0105982  |4 aut 
245 1 0 |a Analýza stavu nelékařských zdravotnických povolání v ČR :  |b (hodnocení a doporučení pracovní komise MZ ČR k transformaci NLZP v ČR) /  |c Martin Šamaj, Zdeňka Mikšová 
250 |a 1. vyd. 
260 |a Olomouc :  |b Univerzita Palackého v Olomouci,  |c 2013 
300 |a 102 s. :  |b barev. il. ;  |c 21 cm 
500 |a Přehled právních dokumentů 
504 |a Obsahuje bibliografii 
650 0 7 |a zdravotnictví  |7 ph127574  |z Česko  |2 czenas 
650 0 7 |a zdravotnické profese  |7 ph421550  |z Česko  |2 czenas 
650 0 7 |a uznávání odborných kvalifikací  |7 ph258280  |2 czenas 
650 0 7 |a odborné vzdělávání  |7 ph115558  |z Česko  |2 czenas 
650 0 9 |a health service  |z Czechia  |2 eczenas 
650 0 9 |a health care professions  |z Czechia  |2 eczenas 
650 0 9 |a professional recognition  |2 eczenas 
650 0 9 |a vocational education  |z Czechia  |2 eczenas 
655 7 |a studie  |7 fd133597  |2 czenas 
655 9 |a studies  |2 eczenas 
700 1 |a Mikšová, Zdeňka,  |d 1959-  |7 mzk2005318121  |4 aut 
910 2 |a BOA001  |b 2-1315.298 
990 |a BK 
995 |a 01 
991 |b 201401  |c NOV  |e n 
996 6 |b 2610572711  |c 2-1315.298  |l MZK  |r Sklad / do 1 hodiny  |n 2  |p p.v.  |w 001386877  |u 000010  |a 1  |e BOA001  |j MZK50  |s P